000 00545nam a2200181Ia 4500
999 _c22753
_d22753
003 OSt
005 20200207114044.0
008 190216s9999||||xx |||||||||||||| ||und||
020 _a9788182712799
040 _coclc
082 _a297.72
_bELA/J
100 _a Elayavuru, Vanidas
_91856
245 0 _aJihad Sathya Vedathinte Athma Bhavam /
_cVanidas Elayavuru
260 _bIslamic Publishing House,
_c2007.
_aKozhikode:
300 _a58p
650 _aIslamic History
942 _cBK
_2ddc
_h297.72
_iELA/J
_k297.72
_mELA/J